01015nam a2200265 i 4500003000900000005001700009007000300026008004100029020001800070040003000088041000800118082001900126100004400145245010200189264008200291300002900373336002700402337003400429338002800463500007600491500005400567504003800621700005300659700003700712DO-SdBNP20260225074257.0ta260129b2025 dr ||||| |||| 00| 0 spa d a9789945292268 aDO-SdBNPbspacBNPHUerda aspa 4axxxbD542e222 aDíaz Bermúdez, Rodrigoeautor4aut.10aEntre el mangú y la eternidad :b(hacia la familia tipo concón) /cRodrigo Díaz Bermúdez. aSanto Domingo, República Dominicana : b [editor no identificado] ;c2025. a238 páginas ;c23 cm.  atextobtxt2rdacontent asin mediación bn2rdamedia avolumenbnc2rdacarrier aIncluye datos biográficos del autor en la solapa de la contracubierta aLa biblioteca posee un ejemplar auto biografiados aBibliografía: páginas 237-2381 aDiaz Suero, Joel,ecoordinador editorial4coord.1 aMagaña, Gerson,erevisor4rev.